| 000 | 01208nam a22002657a 4500 | ||
|---|---|---|---|
| 005 | 20170124103210.0 | ||
| 010 | _aA-990026 | ||
| 020 | _c395.00 | ||
| 035 | _aA-990026 | ||
| 037 | _bCen Lib/Ret | ||
| 040 |
_aDPL _bHN |
||
| 082 |
_a780.3 _bरायचौ |
||
| 100 |
_aरायचौधरी, विमलाकान्त _943912 |
||
| 245 |
_aभारतीय संगीत कोश / _c विमलाकान्त रायचौधरी ; अनुवादक मदनलाल व्यास |
||
| 246 |
_aBhartiya sangeet kosh _b by Vimlakant Raychoudhuri ;anuvadak Madanlal Vyas |
||
| 260 |
_aनई दिल्ली _bवाणी प्रकाशन _c1998 |
||
| 270 |
_a21 ए, दरिया गंज _bनई दिल्ली _e110002 |
||
| 300 |
_a511पृष्ठ. _c21सेमी(सजिल्द) |
||
| 650 |
_aभारतीय संगीत _995973 |
||
| 650 |
_aसंगीत कला - संगीत कोश _982772 |
||
| 650 |
_aIndian Music _924925 |
||
| 650 |
_aMusic Art - Music thesaurus _995974 |
||
| 700 |
_aव्यास, मदनलाल _995975 |
||
| 942 |
_2ddc _cHN _h780.3 _mरायचौ |
||
| 999 |
_c121250 _d121250 |
||